مكتبة جامعة عجلون الوطنية

فهرس بحث المكتبة

مستوى الضغوط المهنية وعلاقتها بالدافعية نحو العمل مع الطلبة ذوي صعوبات التعلم من وجهة نظر المعلم المساند = The Level of Professional Stress and its Relationship to Motivation towards Work with Students Learning Disabilities from Point of View Support Teacher (Record no. 33936)

MARC details
000 -LEADER
fixed length control field 01161nam a22001937a 4500
003 - CONTROL NUMBER IDENTIFIER
control field JO-AjAnu
005 - DATE AND TIME OF LATEST TRANSACTION
control field 20250715052116.0
008 - FIXED-LENGTH DATA ELEMENTS--GENERAL INFORMATION
fixed length control field 250715b jo ||||| |||| 00| 0 ara d
040 ## - CATALOGING SOURCE
Original cataloging agency ANU
Transcribing agency JO-AjAnu
041 ## - LANGUAGE CODE
Language code of original ARA
100 ## - MAIN ENTRY--PERSONAL NAME
Personal name الغرايبة، مؤمن محمد حسن
Relator term معد
9 (RLIN) 66577
245 ## - TITLE STATEMENT
Title مستوى الضغوط المهنية وعلاقتها بالدافعية نحو العمل مع الطلبة ذوي صعوبات التعلم من وجهة نظر المعلم المساند = The Level of Professional Stress and its Relationship to Motivation towards Work with Students Learning Disabilities from Point of View Support Teacher
Statement of responsibility, etc. / إعداد مؤمن محمد حسن الغرايبة ؛ اشراف ريم عبدالله الكناني
260 ## - PUBLICATION, DISTRIBUTION, ETC.
Date of publication, distribution, etc. 2025
300 ## - PHYSICAL DESCRIPTION
Extent 94 ورقة
500 ## - GENERAL NOTE
General note رسالة جامعية (رسالة ماجستير في التربية الخاصة) - جامعة عجلون الوطنية (الاردن-عجلون) - كلية العلوم التربوية ، 2025
650 ## - SUBJECT ADDED ENTRY--TOPICAL TERM
Form subdivision صعوبات التعلم
700 ## - ADDED ENTRY--PERSONAL NAME
Personal name الكناني، ريم عبدالله
9 (RLIN) 64923
Relator term مشرف
942 ## - ADDED ENTRY ELEMENTS (KOHA)
Source of classification or shelving scheme Library of Congress Classification
Koha item type Thesis
Suppress in OPAC No
Holdings
Withdrawn status Lost status Source of classification or shelving scheme Damaged status Not for loan Home library Current library Date acquired Total Checkouts Full call number Barcode Date last seen Price effective from Koha item type
    Library of Congress Classification     مكتبة جامعة عجلون الوطنية مكتبة جامعة عجلون الوطنية 15/07/2025   LB4705.2025 A30299 15/07/2025 15/07/2025 Thesis
    Library of Congress Classification     مكتبة جامعة عجلون الوطنية مكتبة جامعة عجلون الوطنية 15/07/2025   LB4705.2025 A30300 15/07/2025 15/07/2025 Thesis